[Event "Tradewise Gibraltar Chess Festival 2013"]
[Site "Gibraltar ENG"]
[Date "2013.01.31"]
[Round "10.75"]
[White "Marttala, Thomas"]
[Black "Christiansmeier, Sven"]
[Result "1/2-1/2"]
[WhiteElo "2217"]
[BlackElo "2051"]
[PlyCount "66"]
[EventDate "2013.01.22"]
[EventType "swiss"]
[EventRounds "10"]
[EventCountry "ENG"]
[Source "lmi"]
[SourceDate "2013.01.22"]

1. e4 e5 2. Nf3 Nf6 3. Nxe5 d6 4. Nf3 Nxe4 5. Nc3 Nxc3 6. dxc3 Be7 7. Bd3 Nd7
8. Be3 c6 9. Qd2 O-O 10. h4 Re8 11. O-O-O d5 12. Ng5 Nf8 13. Kb1 Bf6 14. f4 Bg4
15. Rde1 Qd7 16. Qf2 b6 17. f5 Re7 18. Qf4 h5 19. Bd4 Bxd4 20. cxd4 Rae8 21.
Rc1 Be2 22. f6 gxf6 23. Qxf6 Bxd3 24. cxd3 Qg4 25. Rhf1 Nh7 26. Nxh7 Kxh7 27.
Rxc6 Re1+ 28. Rc1 Rxc1+ 29. Kxc1 Rf8 30. Qf5+ Kh6 31. Qxd5 Qxh4 32. Qd6+ Kg7
33. g3 Qg5+ 1/2-1/2

[Event "Tradewise Gibraltar Chess Festival 2013"]
[Site "Gibraltar ENG"]
[Date "2013.01.31"]
[Round "10.76"]
[White "Sanchez Castillo, Sarai"]
[Black "Fairbairn, Stephen"]
[Result "1/2-1/2"]
[WhiteElo "2212"]
[BlackElo "2021"]
[PlyCount "106"]
[EventDate "2013.01.22"]
[EventType "swiss"]
[EventRounds "10"]
[EventCountry "ENG"]
[Source "lmi"]
[SourceDate "2013.01.22"]

1. e4 c6 2. d4 d5 3. exd5 cxd5 4. Bd3 Nc6 5. c3 g6 6. Nf3 Nh6 7. Ne5 Nxe5 8.
dxe5 Bg7 9. Bb5+ Kf8 10. h3 Be6 11. O-O Qb6 12. Na3 a6 13. Ba4 Nf5 14. Re1 h5
15. Nc2 Kg8 16. Bb3 Rd8 17. Nd4 Nxd4 18. Qxd4 Qxd4 19. cxd4 Kh7 20. Bd2 Rc8 21.
Rac1 Rhe8 22. Bb4 Bf8 23. Kf1 Kg8 24. Ke2 Red8 25. Kf3 Kg7 26. g4 hxg4+ 27.
hxg4 f6 28. Ba5 Re8 29. Rxc8 Rxc8 30. exf6+ Kxf6 31. Re5 Bg7 32. Bxd5 Bxd5+ 33.
Rxd5 Ke6 34. Rg5 Bxd4 35. Rxg6+ Kf7 36. Rh6 Rc2 37. Bb6 Bxb2 38. a4 Rc3+ 39.
Be3 Ra3 40. Rb6 Bd4 41. Rb4 Bxe3 42. fxe3 Kf6 43. Kf4 Ra1 44. Rb6+ Kf7 45. Rxb7
Rxa4+ 46. e4 Ra1 47. Kg5 a5 48. Ra7 a4 49. Ra6 a3 50. e5 Re1 51. Rxa3 Rxe5+ 52.
Kh6 Re6+ 53. Kh5 Kg7 1/2-1/2

[Event "Tradewise Gibraltar Chess Festival 2013"]
[Site "Gibraltar ENG"]
[Date "2013.01.31"]
[Round "10.77"]
[White "Bryn, Askild"]
[Black "Semprun Martinez, Fernando"]
[Result "1/2-1/2"]
[WhiteElo "2019"]
[BlackElo "2201"]
[PlyCount "80"]
[EventDate "2013.01.22"]
[EventType "swiss"]
[EventRounds "10"]
[EventCountry "ENG"]
[Source "lmi"]
[SourceDate "2013.01.22"]

1. c4 c5 2. Nc3 Nc6 3. g3 g6 4. Bg2 Bg7 5. e4 e6 6. d3 Nge7 7. Nge2 O-O 8. O-O
a6 9. Be3 Nd4 10. Qd2 d6 11. Bh6 Nec6 12. Bxg7 Kxg7 13. Nxd4 Nxd4 14. Ne2 Qf6
15. Nxd4 Qxd4 16. Rab1 b5 17. Qc3 bxc4 18. Qxc4 e5 19. Qxd4 cxd4 20. b4 Bd7 21.
Rfc1 Rfc8 22. Bf1 Rab8 23. a3 f5 24. f3 Bb5 25. Kf2 Kf6 26. Ke2 d5 27. Bg2 Ke6
28. Kd2 Kd6 29. Rc5 dxe4 30. fxe4 Rxc5 31. bxc5+ Kc7 32. exf5 gxf5 33. Re1 Ba4
34. Kc1 Rb3 35. Rxe5 Rc3+ 36. Kb1 Bc2+ 37. Kb2 Bxd3 38. Bh3 Rc2+ 39. Kb3 Rxh2
40. Bxf5 Bxf5 1/2-1/2

[Event "Tradewise Gibraltar Chess Festival 2013"]
[Site "Gibraltar ENG"]
[Date "2013.01.31"]
[Round "10.78"]
[White "Veltkamp, Gerben"]
[Black "Spanton, Tim R"]
[Result "1-0"]
[WhiteElo "2200"]
[BlackElo "2017"]
[PlyCount "53"]
[EventDate "2013.01.22"]
[EventType "swiss"]
[EventRounds "10"]
[EventCountry "ENG"]
[Source "lmi"]
[SourceDate "2013.01.22"]

1. e4 e5 2. Nc3 Nf6 3. Bc4 c6 4. d4 b5 5. Bb3 b4 6. Na4 Nxe4 7. dxe5 d5 8. exd6
Bxd6 9. Qd4 O-O 10. Be3 Qe7 11. f3 Ng3 12. hxg3 Bxg3+ 13. Kf1 Ba6+ 14. Ne2 Re8
15. Qe4 Qxe4 16. fxe4 Rxe4 17. Nc5 Rxe3 18. Nxa6 Nxa6 19. Rh3 Rxe2 20. Kxe2
Re8+ 21. Kf1 Be5 22. Rf3 Bf6 23. Rf5 c5 24. Rd1 Nb8 25. Rxc5 Be7 26. Rc7 Kf8
27. Ba4 1-0

[Event "Tradewise Gibraltar Chess Festival 2013"]
[Site "Gibraltar ENG"]
[Date "2013.01.31"]
[Round "10.79"]
[White "Meyer, Kai-Christian"]
[Black "Onabogun, Kolade"]
[Result "0-1"]
[WhiteElo "2177"]
[BlackElo "1978"]
[PlyCount "136"]
[EventDate "2013.01.22"]
[EventType "swiss"]
[EventRounds "10"]
[EventCountry "ENG"]
[Source "lmi"]
[SourceDate "2013.01.22"]

1. Nf3 Nf6 2. d4 g6 3. Bg5 Bg7 4. Nbd2 c5 5. c3 cxd4 6. Nxd4 d6 7. g3 h6 8.
Bxf6 Bxf6 9. Bg2 O-O 10. O-O Nd7 11. h4 h5 12. Ne4 Bg7 13. Ng5 Qb6 14. Qd2 Nf6
15. Qc2 d5 16. Qb3 Qxb3 17. axb3 Bd7 18. b4 a6 19. Rfd1 Rad8 20. Nb3 Bc8 21.
Rd2 Rd6 22. Rad1 Rfd8 23. e4 dxe4 24. Rxd6 Rxd6 25. Rxd6 exd6 26. Nxe4 Nxe4 27.
Bxe4 b6 28. Bd5 Be6 29. Bxe6 fxe6 30. Nd2 d5 31. Kf1 Kf7 32. Ke2 e5 33. f3 Bf8
34. Nf1 Ke6 35. Kd3 Bd6 36. Ke3 Kf5 37. Nh2 Bf8 38. g4+ Ke6 39. Nf1 Bh6+ 40. g5
Bf8 41. Ng3 a5 42. bxa5 Bc5+ 43. Ke2 bxa5 44. b3 Bg1 45. Nf1 Bc5 46. Ng3 Ba3
47. Kd3 Bd6 48. Nf1 Bc5 49. Ke2 Bg1 50. Ng3 Bh2 51. Nf1 Bf4 52. Kd3 Kd6 53. Ke2
Kc5 54. Kd3 Kd6 55. Ke2 Kc6 56. Ne3 Kc5 57. Ng2 Bg3 58. Kd3 Kb5 59. Ke3 Kc6 60.
Ke2 Kd6 61. Ke3 Kc5 62. Kd3 Kd6 63. Ke3 Ke6 64. Kd3 Bf2 65. Ke2 Bb6 66. Kd3 Bf2
67. Ke2 Bc5 68. Kd3 Kf5 0-1

[Event "Tradewise Gibraltar Chess Festival 2013"]
[Site "Gibraltar ENG"]
[Date "2013.01.31"]
[Round "10.80"]
[White "Baeza Escudero, Javier"]
[Black "Seyfried, Claus"]
[Result "0-1"]
[WhiteElo "2009"]
[BlackElo "2177"]
[PlyCount "124"]
[EventDate "2013.01.22"]
[EventType "swiss"]
[EventRounds "10"]
[EventCountry "ENG"]
[Source "lmi"]
[SourceDate "2013.01.22"]

1. d4 d5 2. c4 e6 3. g3 c6 4. Bg2 Nd7 5. Nf3 Ngf6 6. O-O dxc4 7. a4 Qc7 8. Na3
Bxa3 9. Rxa3 b5 10. Bf4 Qb6 11. Nd2 Bb7 12. e4 O-O 13. Be3 a6 14. Qc2 Rac8 15.
h3 Qc7 16. Ra2 c5 17. axb5 axb5 18. Ra7 Ra8 19. Rfa1 Rxa7 20. Rxa7 Qb6 21. Rxb7
Qxb7 22. dxc5 Qc7 23. b3 Nxc5 24. bxc4 bxc4 25. Qxc4 Rc8 26. Qb5 Qb7 27. Qc4
Qa6 28. Qd4 Qd3 29. Qe5 Ncd7 30. Qg5 h6 31. Qf4 Rc2 32. Bf1 Qc3 33. Nf3 Qb4 34.
Bd3 Rc8 35. Kg2 Qc3 36. Ba6 Ra8 37. Qd6 Qa5 38. Bd3 Rd8 39. e5 Nf8 40. Bb6 Rxd6
41. Bxa5 Rxd3 42. exf6 gxf6 43. Bd2 Kh7 44. Be3 Nd7 45. Bd4 e5 46. Be3 f5 47.
Nh4 e4 48. Nxf5 h5 49. g4 Nf6 50. Kg3 hxg4 51. hxg4 Nd5 52. g5 Nxe3 53. fxe3
Rd2 54. Kf4 Rf2+ 55. Kxe4 Kg6 56. Nd4 Kxg5 57. Nf3+ Kg4 58. Ne5+ Kg3 59. Kd4 f6
60. Nd3 Rd2 61. e4 Kf3 62. Kc3 Ke3 0-1

[Event "Tradewise Gibraltar Chess Festival 2013"]
[Site "Gibraltar ENG"]
[Date "2013.01.31"]
[Round "10.81"]
[White "Suez-Panama, Gilles"]
[Black "Burrows, Martin P"]
[Result "1/2-1/2"]
[WhiteElo "1989"]
[BlackElo "2153"]
[PlyCount "172"]
[EventDate "2013.01.22"]
[EventType "swiss"]
[EventRounds "10"]
[EventCountry "ENG"]
[Source "lmi"]
[SourceDate "2013.01.22"]

1. Nf3 Nf6 2. b3 d5 3. Bb2 g6 4. e3 Bg7 5. d4 O-O 6. Bd3 c6 7. O-O a5 8. a4 Na6
9. c3 Nd7 10. Nbd2 e5 11. e4 exd4 12. cxd4 Nb4 13. Be2 dxe4 14. Nxe4 Nf6 15.
Ng3 Re8 16. Ne5 Be6 17. Bc4 Qb6 18. Bxe6 Rxe6 19. Nc4 Qc7 20. Qf3 Rae8 21. Rad1
Nfd5 22. Ne5 Qe7 23. Rc1 f6 24. Nc4 Qd8 25. Rfd1 Bh6 26. Rb1 Qc7 27. Nf1 Bf4
28. g3 Bh6 29. Bc1 Bg7 30. Bb2 Bh6 31. Bc1 Bg7 32. Bd2 Re4 33. Re1 f5 34. Ne5
Rxd4 35. Nc4 Rde4 36. Nfe3 Nxe3 37. Rxe3 Rxe3 38. Bxe3 Nd5 39. Bd2 b6 40. Rc1
Qd7 41. h4 h5 42. Rd1 Qe6 43. Re1 Qf7 44. Rd1 Re6 45. Bg5 Qe8 46. Kg2 Kh7 47.
Kf1 Qa8 48. Kg1 Qe8 49. Kf1 Qf8 50. Qd3 Re4 51. Nd2 Re8 52. Nf3 Nf6 53. Bxf6
Bxf6 54. Qd7+ Qe7 55. Qxc6 Qe2+ 56. Kg2 Qxd1 57. Qxe8 Qxb3 58. Qd7+ Kh8 59.
Qe8+ Qg8 60. Qd7 Qd8 61. Qf7 f4 62. Qxg6 fxg3 63. Qxh5+ Kg7 64. Qg4+ Kf7 65.
Qc4+ Kg7 66. fxg3 Qe7 67. Qg4+ Kf8 68. Qf5 Qe2+ 69. Kg1 Ke7 70. Qd5 Qb2 71.
Qb7+ Kd6 72. Qe4 Kc5 73. g4 b5 74. axb5 Qa1+ 75. Kg2 Kxb5 76. g5 Bc3 77. Ng1 a4
78. Ne2 Bb2 79. Qd5+ Kb4 80. Nf4 a3 81. Qd6+ Kb3 82. Qd5+ Kb4 83. Qb7+ Kc4 84.
Qa6+ Kc5 85. Ne6+ Kd5 86. Nc7+ Ke4 1/2-1/2

[Event "Tradewise Gibraltar Chess Festival 2013"]
[Site "Gibraltar ENG"]
[Date "2013.01.31"]
[Round "10.82"]
[White "Obiamiwe, Paul"]
[Black "Linhart, Wolfgang"]
[Result "0-1"]
[WhiteElo "1973"]
[BlackElo "2130"]
[PlyCount "34"]
[EventDate "2013.01.22"]
[EventType "swiss"]
[EventRounds "10"]
[EventCountry "ENG"]
[Source "lmi"]
[SourceDate "2013.01.22"]

1. Nf3 d5 2. d4 Nf6 3. c4 g6 4. Qa4+ c6 5. Nc3 Bg7 6. cxd5 Nxd5 7. e4 Nb6 8.
Qd1 O-O 9. Be2 Bg4 10. Be3 N8d7 11. O-O e5 12. h3 Bxf3 13. Bxf3 Nc4 14. d5 Nxe3
15. fxe3 Nb6 16. Qb3 Qe7 17. a4 Qc5 0-1

[Event "Tradewise Gibraltar Chess Festival 2013"]
[Site "Gibraltar ENG"]
[Date "2013.01.31"]
[Round "10.83"]
[White "Skutta, Bernd"]
[Black "Smith, Andrew Philip"]
[Result "0-1"]
[WhiteElo "2048"]
[BlackElo "2175"]
[PlyCount "64"]
[EventDate "2013.01.22"]
[EventType "swiss"]
[EventRounds "10"]
[EventCountry "ENG"]
[Source "lmi"]
[SourceDate "2013.01.22"]

1. d4 Nf6 2. Nf3 d5 3. c4 e6 4. g3 c5 5. cxd5 exd5 6. Bg2 Nc6 7. O-O Be7 8.
dxc5 Bxc5 9. a3 a5 10. Nc3 O-O 11. Bg5 d4 12. Nb5 a4 13. Qd3 Qb6 14. Bxf6 gxf6
15. b4 axb3 16. Qxb3 Be6 17. Qd3 Ra4 18. Nd2 Ne5 19. Qb1 f5 20. Bh3 Bd7 21.
Bxf5 Bxb5 22. Bxh7+ Kg7 23. Ne4 Bxe2 24. Qc1 Nf3+ 25. Kg2 Be7 26. Qc2 Qh6 27.
Qxe2 Qxh2+ 28. Kxf3 f5 29. Rh1 fxe4+ 30. Kxe4 Qg2+ 31. Kd3 Rf3+ 32. Kd2 Rxf2
0-1

[Event "Tradewise Gibraltar Chess Festival 2013"]
[Site "Gibraltar ENG"]
[Date "2013.01.31"]
[Round "10.85"]
[White "Rios Gonzalez, Jose Antonio"]
[Black "Lee, Kai Jie Edward"]
[Result "0-1"]
[WhiteElo "1990"]
[BlackElo "2164"]
[PlyCount "140"]
[EventDate "2013.01.22"]
[EventType "swiss"]
[EventRounds "10"]
[EventCountry "ENG"]
[Source "lmi"]
[SourceDate "2013.01.22"]

1. d4 Nf6 2. c4 e6 3. Nf3 d5 4. Nc3 Bb4 5. e3 O-O 6. Qc2 c5 7. a3 cxd4 8. exd4
Be7 9. Bf4 dxc4 10. Bxc4 a6 11. Rd1 b5 12. Bd3 Bb7 13. Be5 Nbd7 14. O-O Rc8 15.
Qe2 h6 16. Bf4 Nb6 17. Bb1 Nc4 18. Bc1 Nxa3 19. bxa3 Rxc3 20. Bb2 Rc8 21. Ne5
Bd5 22. f4 Bc4 23. Nxc4 bxc4 24. f5 exf5 25. Rxf5 Re8 26. Qf3 Qb6 27. Bc3 Bxa3
28. Rf1 Be7 29. Kh1 Rb8 30. Bc2 Bd8 31. g4 Qe6 32. Re5 Qd7 33. g5 hxg5 34. Rxg5
Ne4 35. Rxg7+ Kxg7 36. Bxe4 Rb6 37. d5+ Kf8 38. Qg2 Ke7 39. Be5 Qb5 40. Bf5 Rf8
41. Re1 Rg8 42. d6+ Kf8 43. Qe4 Qc6 44. Qxc6 Rxc6 45. Bd7 Ba5 46. Rf1 Rc5 47.
Bf6 Rg6 48. Be7+ Kg8 49. Bf5 Rxf5 50. Rxf5 Bb6 51. Rf1 Bc5 52. Rc1 Bxd6 53.
Bxd6 Rxd6 54. Rxc4 Kg7 55. Rc5 Kg6 56. Kg2 f6 57. Kg3 Rd3+ 58. Kg4 Ra3 59. h4
Ra4+ 60. Kg3 a5 61. h5+ Kg7 62. Rf5 Ra3+ 63. Kf4 Ra1 64. Ke4 a4 65. h6+ Kg6 66.
Rf4 a3 67. Rh4 a2 68. h7 Re1+ 69. Kf4 a1=Q 70. Rh6+ Kf7 0-1

[Event "Tradewise Gibraltar Chess Festival 2013"]
[Site "Gibraltar ENG"]
[Date "2013.01.31"]
[Round "10.87"]
[White "Weber, Francois"]
[Black "Canonne, Antoine"]
[Result "1-0"]
[WhiteElo "2150"]
[BlackElo "2002"]
[PlyCount "161"]
[EventDate "2013.01.22"]
[EventType "swiss"]
[EventRounds "10"]
[EventCountry "ENG"]
[Source "lmi"]
[SourceDate "2013.01.22"]

1. d4 Nc6 2. Bg5 d5 3. e3 Nf6 4. f4 Ne4 5. Bh4 Qd6 6. c3 f6 7. Nd2 Bf5 8. Bb5
a6 9. Ba4 Qe6 10. Ne2 b5 11. Bb3 Nd6 12. Bf2 Ne4 13. O-O Nxd2 14. Qxd2 h5 15.
Ng3 Na5 16. Nxf5 Nxb3 17. Nxg7+ Bxg7 18. axb3 Kf7 19. Bh4 Qg4 20. Qe1 f5 21. h3
Qg6 22. b4 Bf6 23. Kh2 Rhg8 24. Rg1 Ke8 25. Qf2 c6 26. g3 Kd7 27. Rgf1 Kc7 28.
Bg5 e6 29. h4 Ra7 30. Qf3 Rh8 31. b3 Kd7 32. Ra2 Be7 33. Rfa1 Rha8 34. Qe2 Bd6
35. Qd2 Qe8 36. Ra3 Qc8 37. R3a2 Qf8 38. Qe2 Qe8 39. Kg2 Qf7 40. Qd3 Qe8 41.
Kf2 Qf8 42. Ke1 Bc7 43. Qe2 Qe8 44. Kd1 Bb6 45. Kc1 Bc7 46. Kb1 Bb6 47. Qc2 Qf8
48. Kb2 Bc7 49. Rg1 Qg7 50. Rc1 Qf8 51. g4 hxg4 52. h5 a5 53. Rca1 Qh8 54. h6
Bb6 55. bxa5 Rxa5 56. Rxa5 Rxa5 57. Rxa5 Bxa5 58. b4 Bc7 59. Qh2 Qh7 60. Qh4
Bd6 61. Kc2 Bf8 62. Kd3 Kc7 63. Ke2 Kb8 64. Qh5 Bd6 65. Qe8+ Kb7 66. Kf2 Bc7
67. Kg3 Kb6 68. Kh4 Kb7 69. Qxe6 Qh8 70. Qxf5 Qe8 71. Qxg4 Qxe3 72. Qg3 Qe4 73.
Qf2 Bd6 74. Kg4 Kb8 75. Qf3 Qe1 76. f5 Qe8 77. Qe3 Qf8 78. Qe6 Kc7 79. Qf6 Kb7
80. Qxf8 Bxf8 81. Kh5 1-0

[Event "Tradewise Gibraltar Chess Festival 2013"]
[Site "Gibraltar ENG"]
[Date "2013.01.31"]
[Round "10.88"]
[White "Valhondo Morales, Ruben"]
[Black "Nwachukwu, Chino"]
[Result "1-0"]
[WhiteElo "2136"]
[BlackElo "1962"]
[PlyCount "59"]
[EventDate "2013.01.22"]
[EventType "swiss"]
[EventRounds "10"]
[EventCountry "ENG"]
[Source "lmi"]
[SourceDate "2013.01.22"]

1. e4 c5 2. Nf3 d6 3. d4 cxd4 4. Nxd4 Nf6 5. Nc3 a6 6. Bc4 e6 7. Bb3 Be7 8. g4
e5 9. Nf5 Bxf5 10. exf5 Nc6 11. g5 Nd7 12. h4 Na5 13. Be3 Nxb3 14. axb3 h6 15.
Rg1 hxg5 16. hxg5 Qc7 17. Nd5 Qc6 18. Qd2 Rc8 19. O-O-O b5 20. Rh1 Rg8 21. Kb1
Nc5 22. Bxc5 dxc5 23. f6 Bf8 24. Rhe1 Bd6 25. f4 Rd8 26. fxe5 Bf8 27. g6 fxg6
28. e6 Rxd5 29. f7+ Ke7 30. fxg8=N+ 1-0

[Event "Tradewise Gibraltar Chess Festival 2013"]
[Site "Gibraltar ENG"]
[Date "2013.01.31"]
[Round "10.89"]
[White "Agbabishvili, Lali"]
[Black "Gieritz, Dietmar"]
[Result "0-1"]
[WhiteElo "1954"]
[BlackElo "2112"]
[PlyCount "62"]
[EventDate "2013.01.22"]
[EventType "swiss"]
[EventRounds "10"]
[EventCountry "ENG"]
[Source "lmi"]
[SourceDate "2013.01.22"]

1. d4 Nf6 2. c4 g6 3. Nc3 d5 4. Nf3 Bg7 5. cxd5 Nxd5 6. Qb3 Nxc3 7. bxc3 O-O 8.
e4 c5 9. Be3 Bg4 10. Ne5 cxd4 11. Bxd4 Qa5 12. Qd5 Qxd5 13. exd5 Bc8 14. Rd1
Rd8 15. Bc4 Nd7 16. Nxd7 Bxd7 17. Bxg7 Kxg7 18. Rd4 Rac8 19. Kd2 Rc5 20. Re1
Kf8 21. Bb3 b5 22. Rde4 a5 23. Rxe7 a4 24. Bc2 Rxd5+ 25. Kc1 Be6 26. Rb7 Rd2
27. Rxb5 Rxf2 28. Bxa4 Rdd2 29. Bb3 Rb2 30. c4 Rxg2 31. c5 Bf5 0-1

[Event "Tradewise Gibraltar Chess Festival 2013"]
[Site "Gibraltar ENG"]
[Date "2013.01.31"]
[Round "10.90"]
[White "Samu, Sorin-Mihai"]
[Black "Georgieva, Emilia"]
[Result "1-0"]
[WhiteElo "2095"]
[BlackElo "1949"]
[PlyCount "67"]
[EventDate "2013.01.22"]
[EventType "swiss"]
[EventRounds "10"]
[EventCountry "ENG"]
[Source "lmi"]
[SourceDate "2013.01.22"]

1. e4 c6 2. Nc3 d5 3. d4 dxe4 4. Nxe4 Bf5 5. Ng3 Bg6 6. Nf3 Nd7 7. Bc4 e6 8.
O-O Qc7 9. Re1 O-O-O 10. a4 Ngf6 11. a5 Bb4 12. a6 b6 13. c3 Bd6 14. Bg5 h6 15.
Bh4 Nb8 16. b4 b5 17. Bf1 Rd7 18. Qb3 Nd5 19. Ne5 Bxe5 20. Rxe5 f6 21. Rxe6 Bf7
22. Ree1 g5 23. c4 bxc4 24. Bxc4 gxh4 25. Ne4 Rg8 26. b5 Rxg2+ 27. Kxg2 Nf4+
28. Kh1 Bxc4 29. Qxc4 Rg7 30. Nxf6 Qf7 31. Qxf7 Rxf7 32. b6 Nxa6 33. Rxa6 axb6
34. Ne4 1-0

[Event "Tradewise Gibraltar Chess Festival 2013"]
[Site "Gibraltar ENG"]
[Date "2013.01.31"]
[Round "10.92"]
[White "Pribyl, Jaroslav"]
[Black "Compton, Alistair"]
[Result "1/2-1/2"]
[WhiteElo "1932"]
[BlackElo "2087"]
[PlyCount "47"]
[EventDate "2013.01.22"]
[EventType "swiss"]
[EventRounds "10"]
[EventCountry "ENG"]
[Source "lmi"]
[SourceDate "2013.01.22"]

1. d4 d5 2. Nf3 e6 3. c4 c5 4. cxd5 exd5 5. Nc3 Nc6 6. dxc5 d4 7. Na4 Bxc5 8.
Nxc5 Qa5+ 9. Bd2 Qxc5 10. Rc1 Qb6 11. e3 dxe3 12. Bxe3 Qb4+ 13. Qd2 Qxd2+ 14.
Kxd2 Nf6 15. Bc4 O-O 16. Rhd1 Bg4 17. Ke2 Ne5 18. Bb3 Nxf3 19. gxf3 Bd7 20. Rd4
Rac8 21. Rxc8 Rxc8 22. Bg5 Bc6 23. Bxf6 gxf6 24. Bd5 1/2-1/2

[Event "Tradewise Gibraltar Chess Festival 2013"]
[Site "Gibraltar ENG"]
[Date "2013.01.31"]
[Round "10.94"]
[White "Dimitrijevic, Dragan"]
[Black "Thornton, John D"]
[Result "0-1"]
[WhiteElo "1896"]
[BlackElo "2053"]
[PlyCount "128"]
[EventDate "2013.01.22"]
[EventType "swiss"]
[EventRounds "10"]
[EventCountry "ENG"]
[Source "lmi"]
[SourceDate "2013.01.22"]

1. e4 e6 2. d4 d5 3. Nc3 Bb4 4. a3 Bxc3+ 5. bxc3 dxe4 6. Qg4 Nf6 7. Qxg7 Rg8 8.
Qh6 c5 9. Ne2 Bd7 10. Bg5 Ng4 11. Bxd8 Nxh6 12. Bf6 Ba4 13. O-O-O Nd7 14. Bh4
cxd4 15. Nxd4 a6 16. f3 e5 17. Nb3 Nf5 18. Bf2 e3 19. Bg1 Rc8 20. Re1 e2 21.
Bxe2 Rxg2 22. Kb2 Nd6 23. Bd3 Nc4+ 24. Bxc4 Rxc4 25. Bd4 Kf8 26. Bxe5 Nxe5 27.
Rxe5 Rh4 28. h3 Bxb3 29. Kxb3 Rg3 30. Rd1 Rxf3 31. Rd7 Rhxh3 32. Rc5 Rh1 33.
Rcc7 Rb1+ 34. Ka2 Rb6 35. c4 Rf2 36. Ka1 Rf1+ 37. Ka2 Rf2 38. Ka1 Kg7 39. c5
Rb5 40. Rd6 Rxc2 41. Rdd7 Rf2 42. Rd4 a5 43. a4 Rb3 44. Rc8 Ra3+ 45. Kb1 Rg3
46. Rd1 Rgg2 47. Rc7 Rb2+ 48. Ka1 Rgf2 49. Rd6 Rb4 50. Rb6 Rxa4+ 51. Kb1 Rg4
52. Rb2 Rxb2+ 53. Kxb2 Rb4+ 54. Kc3 h5 55. Rc8 Rb1 56. Kc4 b5+ 57. Kd5 h4 58.
Re8 Rd1+ 59. Kc6 b4 60. Kb5 Rc1 61. Re3 Kg6 62. c6 a4 63. Re4 b3 64. Rg4+ Kf6
0-1

[Event "Tradewise Gibraltar Chess Festival 2013"]
[Site "Gibraltar ENG"]
[Date "2013.01.31"]
[Round "10.95"]
[White "Boesch, Heinz"]
[Black "Tuchtfeld, Juergen"]
[Result "0-1"]
[WhiteElo "1904"]
[BlackElo "2051"]
[PlyCount "92"]
[EventDate "2013.01.22"]
[EventType "swiss"]
[EventRounds "10"]
[EventCountry "ENG"]
[Source "lmi"]
[SourceDate "2013.01.22"]

1. c4 Nf6 2. g3 e5 3. Bg2 Nc6 4. Nc3 Bc5 5. d3 d6 6. e3 O-O 7. Nge2 Bf5 8. Nd5
Nxd5 9. cxd5 Nb4 10. e4 Bg4 11. h3 Qf6 12. O-O Bd7 13. a3 Na6 14. b4 Bb6 15.
Bb2 c6 16. d4 cxd5 17. dxe5 Qh6 18. Kh2 dxe4 19. exd6 Rad8 20. Bd4 Bb5 21. Bxb6
axb6 22. Re1 Rxd6 23. Qc1 Qd2 24. Qxd2 Rxd2 25. Nc3 Bd3 26. Nxe4 Bxe4 27. Rxe4
f5 28. Re7 f4 29. gxf4 Rxf2 30. Rxb7 R2xf4 31. Rxb6 Nc7 32. a4 Rf2 33. Rd1 Ra2
34. a5 Rff2 35. Rg1 Nd5 36. Rb8+ Kf7 37. Rb7+ Kf6 38. Rb6+ Nxb6 39. axb6 Rfb2
40. b7 Rxb4 41. Kh1 h5 42. Rf1+ Kg5 43. Rf8 Rb1+ 44. Rf1 Rxf1+ 45. Bxf1 Rb2 46.
Bg2 Kf4 0-1

[Event "Tradewise Gibraltar Chess Festival 2013"]
[Site "Gibraltar ENG"]
[Date "2013.01.31"]
[Round "10.96"]
[White "Freuler, Roman"]
[Black "Openshaw, David K"]
[Result "1-0"]
[WhiteElo "2098"]
[BlackElo "1923"]
[PlyCount "99"]
[EventDate "2013.01.22"]
[EventType "swiss"]
[EventRounds "10"]
[EventCountry "ENG"]
[Source "lmi"]
[SourceDate "2013.01.22"]

1. e4 c6 2. d4 d5 3. Nc3 dxe4 4. Nxe4 Bf5 5. Ng3 Bg6 6. h4 h6 7. Nf3 Nd7 8. h5
Bh7 9. Bd3 Bxd3 10. Qxd3 e6 11. Bf4 Qa5+ 12. Bd2 Bb4 13. Qb3 Bxd2+ 14. Nxd2
O-O-O 15. O-O-O Ngf6 16. Kb1 Kb8 17. c4 e5 18. Nge4 Qc7 19. Qg3 Nxe4 20. Nxe4
f5 21. Nd2 exd4 22. Qxg7 c5 23. Qf7 Rdf8 24. Qd5 Rf6 25. Nb3 Qd6 26. Qxd6+ Rxd6
27. Rde1 Rg8 28. g3 d3 29. Re3 b6 30. Rd1 Rg5 31. Rexd3 Rxd3 32. Rxd3 Kc7 33.
Re3 Rxh5 34. Nc1 a5 35. Nd3 Nf6 36. Re7+ Kd6 37. Rb7 Kc6 38. Rf7 Ne4 39. Ne5+
Kd6 40. f4 Nxg3 41. Rb7 Rh1+ 42. Kc2 h5 43. Rxb6+ Kc7 44. Rc6+ Kb7 45. Rxc5 h4
46. Rb5+ Ka6 47. Nc6 h3 48. Nb8+ Ka7 49. c5 h2 50. Nc6+ 1-0

[Event "Tradewise Gibraltar Chess Festival 2013"]
[Site "Gibraltar ENG"]
[Date "2013.01.31"]
[Round "10.97"]
[White "Lochte, Szilvia"]
[Black "Jaunooby, Ali R"]
[Result "0-1"]
[WhiteElo "1923"]
[BlackElo "2178"]
[PlyCount "66"]
[EventDate "2013.01.22"]
[EventType "swiss"]
[EventRounds "10"]
[EventCountry "ENG"]
[Source "lmi"]
[SourceDate "2013.01.22"]

1. b3 d5 2. Bb2 c5 3. Nf3 Nc6 4. e3 f6 5. Bb5 Bg4 6. h3 Bh5 7. d4 cxd4 8. exd4
Qa5+ 9. Nc3 Rc8 10. O-O a6 11. Be2 e6 12. Nh2 Bg6 13. Bh5 Bd6 14. Bxg6+ hxg6
15. Qg4 Kf7 16. Rfe1 Nd8 17. Qf3 Ne7 18. Re2 Nf5 19. Nd1 Nc6 20. c3 e5 21. b4
Qb5 22. a4 Qc4 23. Ne3 Nxe3 24. Qxe3 e4 25. Nf1 Ne7 26. Qd2 Bb8 27. Rae1 Nf5
28. f3 exf3 29. gxf3 Rxh3 30. Ne3 Rch8 31. Nxf5 gxf5 32. Rg2 Bg3 33. Re8 Rh1#
0-1

[Event "Tradewise Gibraltar Chess Festival 2013"]
[Site "Gibraltar ENG"]
[Date "2013.01.31"]
[Round "10.98"]
[White "George, Lolomari Erekosima"]
[Black "Cawley, Paul F"]
[Result "0-1"]
[WhiteElo "1869"]
[BlackElo "2113"]
[PlyCount "90"]
[EventDate "2013.01.22"]
[EventType "swiss"]
[EventRounds "10"]
[EventCountry "ENG"]
[Source "lmi"]
[SourceDate "2013.01.22"]

1. d4 e6 2. c4 Nf6 3. g3 d5 4. Bg2 c5 5. cxd5 Nxd5 6. Nf3 cxd4 7. O-O Be7 8.
Nxd4 O-O 9. e4 Nf6 10. Be3 e5 11. Nf5 Nc6 12. Qb3 Qc7 13. Nc3 Be6 14. Nxe7+
Nxe7 15. Nd5 Bxd5 16. exd5 Rfd8 17. Rac1 Qd7 18. Rfd1 Ne8 19. d6 Nc6 20. Bg5
Rdc8 21. Qa4 Nxd6 22. Qh4 Nd4 23. Rxc8+ Rxc8 24. Rxd4 exd4 25. Bh3 f5 26. Qxd4
Qe6 27. Be3 Nc4 28. Qxa7 Nxe3 29. Qxe3 Qxe3 30. fxe3 g6 31. b3 Rc2 32. Bg2 b6
33. a4 Kg7 34. e4 Kf6 35. exf5 Kxf5 36. Bd5 Rb2 37. Bc4 Ke5 38. Bg8 h6 39. Bc4
Kd4 40. h4 Kc3 41. Bf7 g5 42. hxg5 hxg5 43. Be6 Rxb3 44. Kf2 Kb4 45. Bd7 Ra3
0-1

[Event "Tradewise Gibraltar Chess Festival 2013"]
[Site "Gibraltar ENG"]
[Date "2013.01.31"]
[Round "10.99"]
[White "Kandic, Milan"]
[Black "Whatley, Stephen A J"]
[Result "1-0"]
[WhiteElo "2090"]
[BlackElo "1717"]
[PlyCount "65"]
[EventDate "2013.01.22"]
[EventType "swiss"]
[EventRounds "10"]
[EventCountry "ENG"]
[Source "lmi"]
[SourceDate "2013.01.22"]

1. e4 c5 2. Nf3 Nc6 3. d4 cxd4 4. Nxd4 e6 5. Nc3 Qc7 6. Be2 Nf6 7. Be3 Bb4 8.
Ndb5 Qb8 9. a3 Be7 10. f4 d6 11. O-O O-O 12. Qe1 a6 13. Nd4 Bd7 14. Qg3 Re8 15.
f5 Nxd4 16. Bxd4 e5 17. Be3 Bc6 18. Bh6 Bf8 19. Qg5 Qd8 20. Qg3 Bxe4 21. Nxe4
Nxe4 22. Qg4 Qb6+ 23. Kh1 Nf2+ 24. Rxf2 Qxf2 25. c3 Kh8 26. Rf1 Qb6 27. Bc1 Be7
28. Rf3 d5 29. Qh5 Rf8 30. f6 Bxf6 31. Rh3 h6 32. Bxh6 Rfc8 33. Bg5+ 1-0